[Event "1/8 Finale"]
[Site "www.chess-mail.com"]
[Date "2016.06.19"]
[Round "1"]
[White "Asoka"]
[Black "Conde7"]
[WhiteElo "2720"]
[BlackElo "2840"]
[Result "1/2-1/2"]
[Round "1"]
1.e4 e5
2.Ng1f3 Nb8c6
3.Bf1c4 Ng8f6
4.d4 exd4
5.O-O Nf6xe4
6.Rf1e1 d5
7.Bc4xd5 Qd8xd5
8.Nb1c3 Qd5h5
9.Nc3xe4 Bc8e6
10.Bc1g5 Bf8d6
11.Ne4xd6 cxd6
12.Bg5f4 Qh5d5
13.c3 Qd5f5
14.cxd4 Qf5xf4
15.d5 O-O
16.dxe6 fxe6
17.Re1xe6 Nc6e5
18.Re6xd6 Ne5xf3
{ draw }
1/2-1/2

[Event "Tourn. n8784"]
[Site "www.chess-mail.com"]
[Date "2016.06.20"]
[Round "1"]
[White "Jhzes"]
[Black "Coventry"]
[WhiteElo "2229"]
[BlackElo "2000"]
[Result "1-0"]
[Round "1"]
1.d4 d5
2.Bc1f4 c6
3.Nb1c3 Ng8f6
4.f3 g6
5.e4 dxe4
6.fxe4 Bf8g7
7.h3 O-O
8.Ng1f3 Nb8d7
9.e5 Nf6h5
10.Bf4h2  { time }
1-0

[Event "Tourn. n8781"]
[Site "www.chess-mail.com"]
[Date "2016.06.20"]
[Round "1"]
[White "Viru"]
[Black "Claudia"]
[WhiteElo "1840"]
[BlackElo "1870"]
[Result "0-1"]
[Round "1"]
1.e4 c5
2.Bf1c4 d6
3.Qd1f3 e6
4.Ng1e2 Ng8f6
5.O-O Bf8e7
6.h3 O-O
7.b3 Nb8c6
8.c3 a6
9.a4 Nc6e5
10.Qf3e3 Bc8d7
11.f4 Ne5xc4
12.bxc4 Bd7c6
13.e5 Nf6d7
14.d4 b5
15.Qe3g3 g6
16.f5 exf5
17.exd6 Be7h4
18.Qg3h2 bxc4
19.Nb1d2 Rf8e8
20.g3 Bh4f6
21.dxc5 Nd7xc5
22.Nd2xc4 Bc6d5
23.Bc1e3 Bd5xc4
24.Be3xc5 Re8xe2
25.Qh2h1 Ra8b8
26.Bc5d4 Bf6xd4
27.cxd4 Qd8xd6
28.Rf1f2 Qd6xd4
29.Qh1f3 Qd4xa1
{ resign }
0-1

[Event "Tourn. n8717"]
[Site "www.chess-mail.com"]
[Date "2016.06.20"]
[Round "1"]
[White "Falcoale"]
[Black "B0zata"]
[WhiteElo "1730"]
[BlackElo "1799"]
[Result "0-1"]
[Round "1"]
1.e4 e5
2.Ng1f3 d6
3.Bf1c4 Bc8g4
4.h3 Bg4h5
5.d3 Bf8e7
6.g4 Bh5g6
7.Nb1c3 Nb8c6
8.Bc1e3 Ng8f6
9.Nf3h4 Nf6xe4
10.Nc3xe4 Be7xh4
11.Qd1d2 Bg6xe4
12.dxe4 O-O
13.O-O-O Qd8f6
14.Rd1f1 Qf6f3
15.Bc4d3 Nc6d4
16.Be3xd4 exd4
17.Kb1 c5
18.Rh1g1 h6
19.Rg1h1 a6
20.Bd3e2 Qf3xe4
21.f3 Qe4e3
22.Qd2d3 Rf8e8
23.Qd3xe3 Re8xe3
24.Be2d3 b5
25.Bd3e4 Ra8a7
26.a3 Ra7d7
27.Ka2 d5
28.Be4f5 Rd7d8
29.f4 g6
30.Bf5d3 c4
31.Bd3xg6 fxg6
32.f5 Kg7
33.Rf1d1 Bh4f6
34.fxg6 Kxg6
35.h4 Re3g3
36.g5 hxg5
37.hxg5 Rg3xg5
38.Rh1h2 Rd8e8
39.Rd1h1 Bf6g7
40.Kb1 Re8e5
41.Ka2 Rg5h5
42.Rh2g2 Re5g5
43.Rg2xg5 Rh5xg5
44.Rh1e1 Bg7e5
45.Re1d1 Rg5g2
46.Kb1 Rg2g3
47.Rd1e1 Kf6
48.Re1h1 d3
49.cxd3 cxd3
{ resign }
0-1

[Event "Tourn. n8738"]
[Site "www.chess-mail.com"]
[Date "2016.06.20"]
[Round "1"]
[White "Genius7"]
[Black "Fabos12"]
[WhiteElo "1860"]
[BlackElo "1820"]
[Result "0-1"]
[Round "1"]
1.e4 g6
2.Bf1c4 Nb8c6
3.d4 e6
4.Ng1f3 Bf8g7
5.e5 d6
6.exd6 cxd6
7.O-O d5
8.Bc4b5 Qd8c7
9.c3 Ng8e7
10.Bc1g5 O-O
11.Nb1d2 a6
12.Bb5xc6 bxc6
13.Nd2b3 h6
14.Bg5xe7 Qc7xe7
15.Rf1e1 Kh7
16.Nb3c5 Ra8b8
17.Qd1d2 f6
18.Ra1d1 e5
19.Nc5b3 e4
20.h3 f5
21.Nf3h2 Qe7h4
22.Nh2f1 Bg7f6
23.Qd2e3 Bf6g5
24.Qe3g3 f4
25.Qg3xh4 Bg5xh4
 { time }
0-1

[Event "Tourn. n8822"]
[Site "www.chess-mail.com"]
[Date "2016.06.20"]
[Round "1"]
[White "Pwain"]
[Black "Nulladies"]
[WhiteElo "1829"]
[BlackElo "1739"]
[Result "1-0"]
[Round "1"]
1.e4 c5
2.Ng1f3 Nb8c6
3.Bf1b5 Ng8f6
4.Nb1c3 a6
5.Bb5xc6 bxc6
6.O-O e6
7.e5 Nf6d5
8.Nc3e4 Bf8e7
9.d3 h6
10.c4 Nd5c7
11.Bc1e3 O-O
12.Ne4xc5 f5
13.Qd1d2 d6
14.Nc5b3 g5
15.exd6 Be7xd6
16.Be3d4 Bd6f4
17.Qd2c3 Bc8b7
18.Nb3c5 Bb7c8
19.Ra1d1 Qd8e7
20.Rf1e1 Nc7e8
21.b4 Ne8f6
22.Bd4e5 Nf6g4
23.Be5xf4 gxf4
24.Nf3e5 Ng4xe5
25.Qc3xe5 Qe7g5
26.Nc5xe6 Bc8xe6
27.Qe5xe6 Kh8
28.Qe6xc6 Rf8g8
29.Re1e6 Kh7
30.Qc6b7 Rg8g7
31.Qb7xa8 Qg5xg2
32.Qa8xg2 Rg7xg2
33.Kxg2 { resign }
1-0

[Event "Tourn. n8652"]
[Site "www.chess-mail.com"]
[Date "2016.06.20"]
[Round "1"]
[White "Jjmcbride"]
[Black "Watford"]
[WhiteElo "1590"]
[BlackElo "1690"]
[Result "1-0"]
[Round "1"]
1.e4 c5
2.d4 cxd4
3.Qd1xd4 Nb8c6
4.Qd4c3 e5
5.g4 Bf8b4
6.Bc1d2 Bb4xc3
7.Nb1xc3 Ng8f6
8.f3 h6
9.O-O-O Nc6d4
10.h4 a6
11.h5 Qd8e7
12.g5 hxg5
13.Bd2xg5 Qe7c5
14.Bg5xf6 gxf6
15.a3 b5
16.Kb1 Bc8b7
17.Rd1d3 Bb7c6
18.Ng1e2 Nd4xe2
19.Bf1xe2 O-O-O
20.b4 Qc5b6
21.Rd3d6 Kc7
22.Rd6xf6 Qb6d4
23.Kb2 Kb7
24.Rf6xf7 Rd8c8
25.Rh1d1 Qd4b6
26.f4 exf4
27.Rf7xf4 Rh8f8
28.Rf4g4 a5
29.Nc3d5 Bc6xd5
30.exd5 a4
31.Rg4d4 Qb6c7
32.c4 Rf8f2
33.Rd1d2 bxc4
34.Rd4xc4 Qc7xc4
35.Be2xc4 Rf2xd2
36.Kc3 Rd2h2
37.b5  { time }
1-0

[Event "Tourn. n8815"]
[Site "www.chess-mail.com"]
[Date "2016.06.20"]
[Round "1"]
[White "Gfalk"]
[Black "Picifarkinca"]
[WhiteElo "1930"]
[BlackElo "1950"]
[Result "1/2-1/2"]
[Round "1"]
1.f4 d5
2.Ng1f3 g6
3.g3 Bf8g7
4.d4 Ng8f6
5.Bf1g2 O-O
6.O-O b6
7.e3 Bc8a6
8.Rf1e1 Nf6e4
9.Nb1d2 Nb8d7
10.Nf3e5 Nd7xe5
11.fxe5 Ne4xd2
{ draw }
1/2-1/2

[Event "Tourn. n8783"]
[Site "www.chess-mail.com"]
[Date "2016.06.20"]
[Round "1"]
[White "Cal"]
[Black "Gatrooper"]
[WhiteElo "1530"]
[BlackElo "1490"]
[Result "0-1"]
[Round "1"]
1.c4 c5
2.h3 h6
3.Nb1c3 Ng8f6
4.e4 e5
5.Ng1f3 Nb8c6
6.a3 a6
7.d3 d6
8.b4 Bf8e7
9.Bc1e3 Bc8d7
10.Bf1e2 O-O
11.bxc5 dxc5
12.g4 b5
13.O-O g5
14.h4 gxh4
15.Nf3xh4 Nf6h7
16.Be3xh6 Rf8e8
17.Nc3d5 Be7xh4
18.f4 Bh4g3
19.fxe5 Nc6xe5
20.g5 Nh7xg5
21.Nd5f6 Kh8
22.Be2h5 Ng5h3
23.Kg2 Re8e6
24.Kxg3 Re6xf6
25.Kh2 Rf6xh6
26.cxb5 Qd8c7
27.Ra1c1 Ne5xd3
28.Kg2 Ra8g8
29.Kf3 Rh6f6
30.Ke2 Nd3xc1
31.Qd1xc1 Bd7xb5
32.Ke3 Bb5xf1
33.Bh5f3 Qc7f4
{ resign }
0-1

[Event "Tourn. n8798"]
[Site "www.chess-mail.com"]
[Date "2016.06.20"]
[Round "1"]
[White "Huw"]
[Black "Yangqi"]
[WhiteElo "2310"]
[BlackElo "2660"]
[Result "0-1"]
[Round "1"]
1.e4 e5
2.Ng1f3 Nb8c6
3.Bf1c4 Bf8c5
4.c3 Ng8f6
5.d3 a6
6.O-O Bc5a7
7.Nb1d2 O-O
8.Bc4b3 d5
9.exd5 Nf6xd5
10.Bb3c2 Bc8g4
11.h3 Bg4f5
12.Rf1e1 f6
13.Nd2e4 Qd8d7
14.Qd1e2 Ra8d8
15.Nf3h4 Bf5e6
16.Bc1e3 Nd5xe3
17.fxe3 Be6d5
18.Qe2h5 f5
19.Ne4g5 h6
20.Ng5f3 Qd7f7
21.Nh4g6 f4
22.d4 fxe3
23.Re1xe3 exd4
24.cxd4 Ba7xd4
{ resign }
0-1

[Event "Match"]
[Site "www.echecsemail.com"]
[Date "2016.06.20"]
[Round "1"]
[White "Caspito"]
[Black "Sonny1000"]
[WhiteElo "1790"]
[BlackElo "1540"]
[Result "1-0"]
[Round "1"]
1.e4 e5
2.Ng1f3 Nb8c6
3.Bf1c4 Nc6d4
4.Nf3xe5 Qd8f6
5.Ne5xf7 Qf6g6
6.O-O Qg6xf7
7.Bc4xf7 Kxf7
8.Qd1h5 g6
9.Qh5d5 Ke8
10.Qd5xd4 { resign }
1-0

[Event "Match"]
[Site "www.echecsemail.com"]
[Date "2016.06.20"]
[Round "1"]
[White "Pimpampum"]
[Black "Caspito"]
[WhiteElo "2180"]
[BlackElo "1790"]
[Result "1-0"]
[Round "1"]
1.d3 d5
2.g3 e5
3.Bf1g2 d4
4.Ng1f3 Nb8c6
5.Nb1d2 Bf8b4
6.a3 Bb4a5
7.b4 Ba5b6
8.Nd2c4 Ng8f6
9.Nf3xe5 O-O
10.Ne5xc6 bxc6
11.Bg2xc6 Ra8b8
12.O-O Bc8b7
13.Bc6xb7 Rb8xb7
14.a4 a6
15.Bc1g5 c5
16.Ra1b1 Bb6a7
17.Qd1d2 Qd8e7
18.b5 Qe7e6
19.Bg5xf6 Qe6xf6
20.Qd2a5 Qf6e6
21.Qa5xa6 Qe6xa6
22.bxa6 Rb7xb1
23.Rf1xb1 Rf8e8
24.Kf1 f5
25.Rb1b7 Re8a8
26.Nc4b6 Ba7xb6
27.Rb7xb6 Ra8a7
28.Ke1 h5
29.h4 Kh7
30.Kd2 Kg8
31.c3 Kf8
32.cxd4 cxd4
33.Kc2 Ra7e7
34.Rb6b8 { resign }
1-0

[Event "Match"]
[Site "www.echecsemail.com"]
[Date "2016.06.20"]
[Round "1"]
[White "Ranjachess"]
[Black "Rindrandria"]
[WhiteElo "1710"]
[BlackElo "1650"]
[Result "1-0"]
[Round "1"]
1.d4 Ng8f6
2.e3 d6
3.h3 Bc8f5
4.Bf1d3 Qd8d7
5.Nb1c3 g6
6.e4 Qd7e6
7.Qd1e2 Bf5xe4
8.Bd3xe4 Bf8g7
9.Be4xb7 c6
10.Bb7xa8 d5
11.Bc1f4 Qe6c8
12.Bf4d6 e6
13.g4 Nb8a6
14.Bd6e5 Qc8xa8
15.Qe2xa6 O-O
16.O-O-O c5
17.dxc5 d4
18.Rd1xd4 Qa8xh1
19.Rd4d1 Bg7h6
20.f4 Nf6d7
21.Be5d6 Rf8a8
22.c6 Nd7b6
23.g5 Bh6g7
24.Nc3e2 Qh1xc6
25.b4 Ra8c8
26.Rd1d2 Qc6e4
27.a4 Nb6c4
28.Qa6xc8 Bg7f8
29.Qc8xf8 
1-0

[Event "Match"]
[Site "www.echecsemail.com"]
[Date "2016.06.20"]
[Round "1"]
[White "Sonny1000"]
[Black "Ledzepp"]
[WhiteElo "1520"]
[BlackElo "1360"]
[Result "0-1"]
[Round "1"]
1.e4 e5
2.Ng1f3 d6
3.Bf1b5 c6
4.Bb5c4 d5
5.Bc4b3 d4
6.Nf3xe5 Ng8h6
7.d3 Qd8a5
8.Bc1d2 Qa5c7
9.c4 Qc7xe5
10.c5 Bf8xc5
11.Qd1f3 Bc8g4
12.Bd2f4 Qe5f6
13.e5 Qf6f5
14.Qf3e4 Qf5d7
15.h3 Bg4f5
16.Qe4e2 O-O
17.Bf4xh6 gxh6
18.Qe2h5 Bf5g6
19.Qh5xh6 Qd7f5
20.O-O Qf5xe5
21.Nb1a3 Bg6xd3
22.Rf1e1 Qe5c7
23.Qh6g5 Bd3g6
24.Qg5xc5 Nb8d7
25.Qc5g5 c5
26.Na3b5 Qc7c6
27.a4 a6
28.Re1e7 axb5
29.a5 c4
30.Ra1c1 Nd7c5
31.Bb3c2 d3
32.Bc2b1 Ra8d8
33.Rc1d1 Nc5e4
34.Qg5e5 b4
35.h4 Ne4f6
36.Re7c7 Nf6g4
37.Qe5g3 Qc6e4
38.Bb1a2 c3
39.bxc3 bxc3
40.f3 Qe4a4
41.Qg3xg4 Qa4xd1
42.Kh2 Qd1e1
43.Rc7xb7 Qe1e5
44.Kh3 Kh8
45.Qg4g5 Bg6f5
46.g4 d2
47.Rb7xf7 Rf8xf7
48.Ba2xf7 d1Q
49.Qg5c1 Qd1xf3

0-1

[Event "Match"]
[Site "www.echecsemail.com"]
[Date "2016.06.20"]
[Round "1"]
[White "Ssharp"]
[Black "Bojan"]
[WhiteElo "2210"]
[BlackElo "1990"]
[Result "1-0"]
[Round "1"]
1.c4 g6
2.d4 e6
3.e4 d5
4.cxd5 exd5
5.e5 Qd8e7
6.Bf1e2 Bf8g7
7.Nb1c3 Bc8e6
8.f4 f6
9.Ng1f3 a6
10.O-O Ng8h6
11.Rf1e1 Nb8c6
12.exf6 Bg7xf6
13.Be2d3 Nh6f5
14.Bd3xf5 gxf5
15.Nc3xd5 Qe7f7
16.Re1xe6 Kd7
17.Nd5xf6 { resign }
1-0

[Event "1/64 Finale"]
[Site "www.chess-mail.com"]
[Date "2016.06.20"]
[Round "1"]
[White "Bevittsmith"]
[Black "Coventry"]
[WhiteElo "2290"]
[BlackElo "1990"]
[Result "1-0"]
[Round "1"]
1.e4 e5
2.Ng1f3 Nb8c6
3.Bf1b5 Bf8c5
4.c3 Ng8f6
5.d4 exd4
6.e5 Nf6d5
7.O-O O-O
8.cxd4 Bc5e7
9.Bb5c4 Nd5b6
10.Bc4b3 d5
11.Nb1c3 Bc8f5
12.Bb3c2 Qd8d7
13.a3 Bf5xc2
14.Qd1xc2 a6
15.Nc3e2 f6
16.Bc1d2 Nb6c4
17.Bd2c3  { time }
1-0

[Event "Eq:Equipo Juan Diaz-Slap Shot Mates : "]
[Site "www.chess-mail.com"]
[Date "2016.06.20"]
[Round "1"]
[White "Jpmartinez"]
[Black "Ecijaajedrez"]
[WhiteElo "2510"]
[BlackElo "2550"]
[Result "0-1"]
[Round "1"]
1.e4 c5
2.Ng1f3 d6
3.d4 cxd4
4.Nf3xd4 Ng8f6
5.f3 e6
6.c4 Nb8c6
7.Nb1c3 Bf8e7
8.Bc1e3 O-O
9.Nd4c2 b6
10.Bf1e2 Bc8b7
11.O-O Ra8c8
12.Qd1d2 a6
13.Ra1c1 Qd8c7
14.b3 Rf8d8
15.Rf1d1 h6
16.Qd2e1 Nf6d7
17.Qe1f2 Be7f6
18.Nc2d4 Nc6xd4
19.Be3xd4 Bf6g5
20.Rc1c2 Bb7c6
21.Nc3d5 Bc6xd5
22.exd5 e5
23.Bd4c3 Qc7b7
24.g3 Bg5f6
25.Be2d3 b5
26.Bc3a5 Rd8e8
27.cxb5 axb5
28.Ba5e1 Bf6e7
29.Kg2 Nd7f6
30.Rc2xc8 Re8xc8
31.Qf2e2 Rc8c5
32.b4 Rc5c7
33.Bd3xb5 Nf6xd5
34.a4 Rc7c2
35.Rd1d2 Nd5c3
36.Rd2xc2 Nc3xe2
37.Rc2xe2 Qb7d5
38.Bb5d7 Qd5b3
39.a5 Qb3d3
40.Re2e4 Kf8
41.Be1f2 Be7d8
42.Bd7c8 g6
43.Bc8b7 Qd3c2
44.Bb7a6 f5
45.Re4c4 Qc2d2
46.Ba6b7 Kf7
47.Kg1 Bd8g5
48.Rc4c7 Kf6
49.a6 Bg5e3
50.Bf2xe3 Qd2xe3
51.Kg2 e4
{ time. }
0-1

[Event "Eq:chibcha-Los Tercios : "]
[Site "www.chess-mail.com"]
[Date "2016.06.20"]
[Round "1"]
[White "Karlgrocer"]
[Black "Stevefillion"]
[WhiteElo "2100"]
[BlackElo "2370"]
[Result "0-1"]
[Round "1"]
1.Ng1f3 d5
2.d4 Ng8f6
3.e3 c5
4.dxc5 e6
5.Bf1b5 Bc8d7
6.Bb5xd7 Nb8xd7
7.O-O Bf8xc5
8.b3 e5
9.Bc1b2 Qd8e7
10.Nb1d2 O-O
11.c4 e4
12.Nf3d4 Nd7e5
13.Qd1c2 Ne5d3
14.Nd4f5 Qe7e6
15.Nf5d4 Qe6d7
16.Bb2c3 Ra8c8
17.a3 a6
18.Nd4e2 Nf6g4
19.Nd2xe4 dxe4
20.Bc3d4 Qd7d6
21.Ne2g3 Bc5xd4
22.exd4 Qd6xd4
23.Ra1d1 f5
24.Rd1d2 b5
25.Qc2a2 bxc4
26.bxc4 Qd4xc4
27.Qa2b1 Qc4c5
28.h3 Ng4e5
29.Qb1a2 Qc5c4
30.Qa2a1 f4
31.Ng3h1 f3
32.Nh1g3 fxg2
33.Kxg2 Nd3f4
34.Kh1 Qc4e6
{ resign }
0-1

[Event "Tourn. n8837"]
[Site "www.chess-mail.com"]
[Date "2016.06.21"]
[Round "1"]
[White "Pimpampum"]
[Black "Kampungboy"]
[WhiteElo "2180"]
[BlackElo "2010"]
[Result "0-1"]
[Round "1"]
1.c4 e5
2.Nb1c3 Nb8c6
3.Ng1f3 d6
4.d4 exd4
5.Nf3xd4 Ng8e7
6.Bc1g5 Nc6xd4
7.Qd1xd4 Bc8e6
8.e4 Ne7c6
9.Qd4d2 Bf8e7
10.Bg5xe7 Qd8xe7
11.Bf1e2 O-O
12.O-O Rf8e8
13.Rf1e1 Qe7f6
14.Ra1c1 Ra8c8
15.b3 h6
16.Be2f3 Nc6e5
17.Bf3e2 Qf6g6
18.Qd2e3 Ne5d7
19.Qe3xa7 Nd7c5
20.Qa7a3 Be6h3
21.Be2f3 Nc5d3
22.Nc3d5 c6
23.Nd5e3 Rc8a8
{ resign }
0-1

[Event "Tourn. n8740"]
[Site "www.chess-mail.com"]
[Date "2016.06.21"]
[Round "1"]
[White "Claudia"]
[Black "Grimsby"]
[WhiteElo "1770"]
[BlackElo "1490"]
[Result "1-0"]
[Round "1"]
1.d4 d5
2.c4 e6
3.Nb1c3 Ng8f6
4.cxd5 exd5
5.Bc1g5 c6
6.e3 Bc8f5
7.Qd1f3 Bf5g6
8.Bg5xf6 Qd8xf6
9.Qf3xf6 gxf6
10.h4 h6
11.Kd2 Bf8d6
12.Bf1d3 Nb8d7
13.h5 Bg6xd3
14.Kxd3 Rh8g8
15.g3 f5
16.Ng1f3  { time }
1-0

[Event "Tourn. n8823"]
[Site "www.chess-mail.com"]
[Date "2016.06.21"]
[Round "1"]
[White "Nulladies"]
[Black "Cal"]
[WhiteElo "1679"]
[BlackElo "1650"]
[Result "1-0"]
[Round "1"]
1.d4 d5
2.Ng1f3 h6
3.Bc1f4 Ng8f6
4.e3 Nb8c6
5.c4 dxc4
6.Bf1xc4 e6
7.O-O Bc8d7
8.a3 a6
9.Nb1c3 Nc6a5
10.Bc4a2 Bf8d6
11.Nf3e5 Bd6xe5
12.Bf4xe5 Nf6d5
13.Be5xg7 Rh8h7
14.Bg7e5 Qd8g5
15.Nc3e4 Qg5f5
16.Ne4g3 Qf5g5
17.Ng3e4 O-O-O
18.Ne4xg5 hxg5
19.Qd1c2 f6
20.Be5xc7 Nd5xc7
21.Qc2xh7 f5
22.Ra1c1 Kb8
23.Ba2xe6 Bd7xe6
24.Qh7xc7 Ka7
25.Qc7xd8 g4
26.Qd8xa5 { resign }
1-0

[Event "Tourn. n8827"]
[Site "www.chess-mail.com"]
[Date "2016.06.21"]
[Round "1"]
[White "Genius9"]
[Black "Amaya"]
[WhiteElo "1850"]
[BlackElo "2020"]
[Result "1/2-1/2"]
[Round "1"]
1.c4 Ng8f6
2.d4 g6
3.b3 Bf8g7
4.Bc1b2 O-O
5.Ng1f3 d6
6.e3 Nb8d7
7.Bf1e2 Rf8e8
{ draw }
1/2-1/2

[Event "Tourn. n8678"]
[Site "www.chess-mail.com"]
[Date "2016.06.21"]
[Round "1"]
[White "Osopanda"]
[Black "Roserl"]
[WhiteElo "2030"]
[BlackElo "1920"]
[Result "0-1"]
[Round "1"]
1.c4 Ng8f6
2.d4 g6
3.Nb1c3 Bf8g7
4.e4 d6
5.f4 O-O
6.Ng1f3 c5
7.d5 e6
8.dxe6 fxe6
9.Bf1d3 Nb8c6
10.O-O a6
11.Qd1e1 Bc8d7
12.Nf3g5 h6
13.Ng5h3 Nf6e8
14.e5 Nc6e7
15.Qe1g3 Kh7
16.Nc3e4 Ne7f5
17.Qg3g4 Qd8h4
18.Qg4xh4 Nf5xh4
19.exd6 b6
20.g4 Bg7d4
21.Nh3f2 Bd7c6
22.f5 exf5
23.gxf5 Nh4xf5
24.d7 Bc6xd7
25.Kg2 Bd7c6
26.Nf2g4 h5
27.Ng4f2 Ne8d6
28.Kh3 Nd6f7
29.Ne4g5 Nf7xg5
30.Bc1xg5 Ra8e8
31.Nf2h1 Re8e3
32.Bg5xe3 Bd4xe3
33.Bd3xf5 gxf5
34.Nh1g3 Kh6
35.Ng3xf5 Rf8xf5
36.Rf1xf5 Bc6d7
37.Ra1f1 Kg6
38.Kh4 Bd7xf5
39.Kg3 Kg5
40.h4 Kg6
41.Rf1f3 Be3d4
42.b3 Bd4e5
43.Kf2 Bf5b1
44.a3 Be5d4
45.Ke2 Bb1f5
46.Rf3g3 Bf5g4
47.Kd3 Kf5
48.b4 Bd4f2
49.Rg3g2 Bf2xh4
50.bxc5 bxc5
51.Rg2b2 Kf4
52.Rb2b6 Bg4f5
53.Kc3 Bh4e1
54.Kb3 h4
55.Rb6h6 h3
{ resign }
0-1

[Event "Tourn. n8748"]
[Site "www.chess-mail.com"]
[Date "2016.06.21"]
[Round "1"]
[White "Andychesston"]
[Black "Genius2"]
[WhiteElo "2040"]
[BlackElo "2040"]
[Result "0-1"]
[Round "1"]
1.e4 b6
2.d4 Bc8b7
3.Nb1c3 e6
4.a3 g6
5.Ng1f3 Bf8g7
6.Bc1e3 Ng8e7
7.Bf1c4 O-O
8.O-O d5
9.exd5 exd5
10.Bc4a2 Nb8d7
11.Qd1d2 Ne7f5
12.Nc3xd5 Rf8e8
13.Be3g5 Nd7f6
14.Nd5xf6 Bg7xf6
15.Bg5xf6 Qd8xf6
16.c3 Bb7xf3
17.gxf3 Nf5h4
18.Qd2h6 Nh4xf3
19.Kh1 Qf6c6
20.d5 Qc6d6
21.Ra1d1 Re8e5
22.Qh6f4 Re5h5
{ resign }
0-1

[Event "Tourn. n8740"]
[Site "www.chess-mail.com"]
[Date "2016.06.21"]
[Round "1"]
[White "Bjonil60"]
[Black "Gatrooper"]
[WhiteElo "1340"]
[BlackElo "1480"]
[Result "0-1"]
[Round "1"]
1.Nb1c3 Ng8f6
2.e3 Nb8c6
3.Qd1e2 a6
4.a3 h6
5.g3 e5
6.e4 Nc6d4
7.Qe2d1 d6
8.Ng1e2 Bc8g4
9.h3 Bg4xe2
10.Bf1xe2 Bf8e7
11.O-O Qd8d7
12.Kh2 h5
13.h4 Nf6g4
14.Kh1 Qd7c6
15.f3 Ng4f6
16.d3 O-O-O
17.Rf1g1 Qc6d7
18.Be2f1 Nf6e8
19.Bc1e3 Nd4c6
20.b3 g5
21.Be3xg5 Be7xg5
22.Qd1e1 Bg5f6
23.Kh2 Kb8
24.b4 Nc6d4
25.Nc3e2 Nd4xf3
26.Kh1 Nf3xe1
27.Ra1xe1 Ne8g7
28.c3 Ng7e6
29.Bf1h3 Rd8e8
30.d4 exd4
31.cxd4 Qd7c6
32.d5 Qc6c4
33.Rg1g2 Ne6g7
34.Re1c1 Qc4xe4
35.Rc1e1 Bf6c3
36.Re1d1 Qe4c2
37.Rd1c1 Qc2d3
38.Ne2f4 Qd3d4
39.g4 Qd4xf4
40.Rc1xc3 Re8e1
41.Rg2g1 Re1xg1
42.Kxg1 Qf4d4
43.Kh2 Qd4xc3
44.gxh5 Ng7xh5
45.Bh3g4 Nh5f4
46.h5 Rh8g8
47.Bg4d7 Qc3d2
48.Kh1 Qd2g2

0-1

[Event "Tourn. n8785"]
[Site "www.chess-mail.com"]
[Date "2016.06.21"]
[Round "1"]
[White "Raven16"]
[Black "Julian"]
[WhiteElo "2160"]
[BlackElo "2030"]
[Result "1-0"]
[Round "1"]
1.d4 d5
2.c4 e6
3.Nb1c3 c6
4.Ng1f3 Ng8f6
5.e3 Bf8e7
6.Bf1d3 O-O
7.O-O Nb8d7
8.Bc1d2 b6
9.cxd5 exd5
10.Ra1c1 Bc8b7
11.a3 Rf8e8
12.Qd1a4 c5
13.Nc3e2 a6
14.b4 b5
15.Qa4d1 c4
16.Bd3b1 Nf6e4
17.Ne2c3 Nd7f6
18.Nf3e5 Ne4xc3
19.Bd2xc3 Nf6e4
20.f3 Ne4xc3
21.Rc1xc3 Be7f6
22.f4 g6
23.g4 Bf6g7
24.g5 f6
25.gxf6 Bg7xf6
26.Qd1g4 Bf6xe5
27.fxe5 Qd8b6
28.Rf1f6 Qb6d8
29.Bb1xg6 hxg6
30.Qg4xg6 Kh8
31.Qg6h6 Kg8
32.Rf6g6 Kf7
33.Qh6g7 
1-0

[Event "Tourn. n8715"]
[Site "www.chess-mail.com"]
[Date "2016.06.21"]
[Round "1"]
[White "Milkyway"]
[Black "Nimzo"]
[WhiteElo "2279"]
[BlackElo "2850"]
[Result "0-1"]
[Round "1"]
1.Ng1f3 d5
2.g3 Ng8f6
3.Bf1g2 c6
4.b3 Bc8g4
5.Bc1b2 Nb8d7
6.d4 e6
7.O-O Bf8e7
8.Nb1d2 O-O
9.h3 Bg4h5
10.c4 a5
11.Rf1e1 Nf6e4
12.Nd2xe4 dxe4
13.Nf3e5 Nd7xe5
14.dxe5 Be7b4
15.Qd1xd8 Rf8xd8
16.Re1d1 Bh5xe2
17.Rd1xd8 Ra8xd8
18.Bg2xe4 a4
19.a3 Bb4d2
20.b4 Be2xc4
21.Ra1d1 Bc4b3
22.Rd1f1 Bd2g5
 { time }
0-1

[Event "Tourn. n8711"]
[Site "www.chess-mail.com"]
[Date "2016.06.21"]
[Round "1"]
[White "Snickers"]
[Black "Odin"]
[WhiteElo "2099"]
[BlackElo "2010"]
[Result "0-1"]
[Round "1"]
1.d4 d5
2.c4 c6
3.Ng1f3 Ng8f6
4.cxd5 cxd5
5.g3 g6
6.Bf1g2 Bf8g7
7.Nf3e5 e6
8.O-O O-O
9.Nb1c3 Nb8c6
10.Ne5xc6 bxc6
11.b3 Bc8a6
12.Bc1b2 Nf6g4
13.h3 Ng4f6
14.Rf1e1 Qd8c7
15.Ra1c1 Rf8e8
16.e3 Nf6d7
17.Bg2f1 Qc7b7
18.Bf1xa6 Qb7xa6
19.Qd1e2 Qa6c8
20.Nc3a4 Nd7b6
21.Na4c5 e5
22.Qe2f1 Qc8f5
23.Kg2 e4
24.Qf1e2 Nb6d7
25.g4 Qf5f3
26.Qe2xf3 exf3
27.Kxf3 Nd7xc5
28.Rc1xc5 Re8e6
29.Re1c1 Ra8c8
30.b4 a6
31.a4 f5
32.b5 Bg7f8
33.Rc5xc6 Rc8xc6
34.Rc1xc6 Re6xc6
35.bxc6 Bf8d6
 { time }
0-1

[Event "Tourn. n8739"]
[Site "www.chess-mail.com"]
[Date "2016.06.21"]
[Round "1"]
[White "Yangqi"]
[Black "Orhany24"]
[WhiteElo "2670"]
[BlackElo "2200"]
[Result "1-0"]
[Round "1"]
1.e4 e5
2.Ng1f3 Nb8c6
3.Bf1c4 Ng8f6
4.d3 d5
5.exd5 Nf6xd5
6.O-O Bf8e7
7.Rf1e1 O-O
8.Nf3xe5 Nc6xe5
9.Re1xe5 Nd5f6
10.Re5e1 Bc8g4
11.f3 Bg4h5
12.Bc1e3 h6
13.Nb1c3 a6
14.Qd1d2 Kh7
15.g4 Bh5g6
16.Qd2g2 Be7d6
17.f4 Kh8
18.Ra1d1 Qd8c8
19.f5 Bg6h7
20.Be3d4 Qc8d8
21.Kh1 b5
22.Bc4b3 c5
23.Bd4xf6 Qd8xf6
24.Nc3e4 Qf6d8
25.Bb3xf7 Ra8a7
26.Bf7e6 Ra7e7
27.d4 c4
28.d5 Bh7g8
29.g5 Bg8xe6
30.dxe6 { resign }
1-0

[Event "Tourn. n8789"]
[Site "www.chess-mail.com"]
[Date "2016.06.21"]
[Round "1"]
[White "Claudia"]
[Black "Coventry"]
[WhiteElo "1950"]
[BlackElo "2020"]
[Result "1-0"]
[Round "1"]
1.d4 d5
2.c4 e6
3.Nb1c3 c5
4.cxd5 cxd4
5.Qd1xd4 Nb8c6
6.Qd4d1 exd5
7.Qd1xd5 Bc8e6
8.Qd5xd8 Ra8xd8
9.e3 Nc6b4
10.Bf1b5  { time }
1-0

[Event "Tourn. n8752"]
[Site "www.chess-mail.com"]
[Date "2016.06.21"]
[Round "1"]
[White "Falcoale"]
[Black "Picifarkinca"]
[WhiteElo "1700"]
[BlackElo "1760"]
[Result "1-0"]
[Round "1"]
1.e4 c5
2.Ng1f3 Nb8c6
3.d4 cxd4
4.Nf3xd4 Ng8f6
5.Nb1c3 e6
6.a3 Qd8b6
7.Nd4xc6 Qb6xc6
8.Bc1g5 Nf6xe4
9.Nc3xe4 Qc6xe4
10.Bg5e3 a6
11.Bf1d3 Qe4c6
12.O-O Bf8e7
13.Rf1e1 d5
14.Ra1c1 Bc8d7
15.Bd3e2 Be7f6
16.c4 O-O
17.Be2f3 Bf6xb2
18.Rc1c2 Bb2xa3
19.cxd5 Qc6d6
20.Qd1d3 Bd7b5
21.Qd3b3 Qd6b4
22.Qb3xb4 Ba3xb4
23.Re1c1 e5
24.Be3c5 Bb4xc5
25.Rc2xc5 b6
26.Rc5c7 f5
27.d6 e4
28.Bf3d1 Rf8d8
29.Bd1b3 { resign }
1-0

[Event "Tourn. n8810"]
[Site "www.chess-mail.com"]
[Date "2016.06.21"]
[Round "1"]
[White "Andychesston"]
[Black "Coventry"]
[WhiteElo "2060"]
[BlackElo "2000"]
[Result "1-0"]
[Round "1"]
1.e4 c5
2.Ng1f3 Nb8c6
3.d4 cxd4
4.Nf3xd4 e5
5.Nd4f3 Ng8f6
6.Nb1c3 Bf8b4
7.Bc1g5  { time }
1-0

[Event "Tourn. n8708"]
[Site "www.chess-mail.com"]
[Date "2016.06.21"]
[Round "1"]
[White "Ejner"]
[Black "Yangqi"]
[WhiteElo "2249"]
[BlackElo "2640"]
[Result "0-1"]
[Round "1"]
1.Ng1f3 f5
2.g3 Ng8f6
3.Bf1g2 e6
4.O-O d6
5.c4 Bf8e7
6.Nb1c3 O-O
7.d3 e5
8.Ra1b1 Qd8e8
9.b4 Qe8h5
10.e3 c6
11.b5 Bc8e6
12.bxc6 bxc6
13.c5 Nb8d7
14.cxd6 Be7xd6
15.Nf3d2 Qh5xd1
16.Rf1xd1 Ra8b8
17.Nd2b3 Rf8c8
18.Bc1d2 Bd6b4
19.e4 g6
20.exf5 gxf5
21.Nc3a4 Bb4xd2
22.Rd1xd2 Kf7
23.Rd2b2 c5
24.Na4c3 c4
25.dxc4 Rc8xc4
26.Nc3e2 Rc4b4
27.Rb2d2 a5
28.Rb1d1 a4
29.Nb3c1 Rb4b2
30.Kf1 e4
31.Ke1 Nd7e5
32.h3 a3
33.Rd2d8 Rb8xd8
34.Rd1xd8 Be6xa2
{ resign }
0-1

[Event "Match"]
[Site "www.echecsemail.com"]
[Date "2016.06.21"]
[Round "1"]
[White "Ditto"]
[Black "Snickers"]
[WhiteElo "1620"]
[BlackElo "1809"]
[Result "1-0"]
[Round "1"]
1.e4 b6
2.Nb1c3 Bc8b7
3.Bf1c4 e6
4.d3 g6
5.Ng1f3 Bf8g7
6.Bc1g5 Bg7f6
7.Bg5e3 Bf6g7
8.O-O Ng8e7
9.d4 d5
10.exd5 Ne7xd5
11.Be3g5 Qd8d7
12.Rf1e1 O-O
13.Bg5h4 Nd5xc3
14.bxc3 Bb7a6
15.Bc4b3 Ba6b7
16.Bh4g3 Nb8a6
17.Qd1d3 c5
18.Bg3e5 cxd4
19.cxd4 Na6b4
20.Qd3d2 Bb7xf3
21.Qd2xb4 Bg7xe5
22.dxe5 Bf3b7
23.Ra1d1 Qd7c6
24.Qb4g4 h5
25.Qg4g3 Rf8d8
26.Rd1xd8 Ra8xd8
27.f3 Qc6c5
28.Kf1 Bb7a6
29.c4 Ba6xc4
30.Bb3xc4 Qc5xc4
31.Kg1 Qc4c5
32.Kf1 Rd8d2
33.f4 Qc5c4
34.Kg1 Qc4d4
35.Kh1 Rd2xa2
36.h3 Qd4f2
37.Qg3xf2 Ra2xf2
38.g3 b5
39.Kg1 Rf2c2
40.Re1a1 Rc2c3
41.Kf2 Rc3c7
42.Ke2  { time }
1-0